History Quiz

Random History or Politics Quiz

US Senate Leadership Quiz Stats

 Plays Quiz not verified by Sporcle

Support Sporcle.
Go Orange.
Score 0/70 Timer 08:00
0 Plays Today
Hint Answer % Correct
Democratic LeaderChuck Schumer
90.3%
Republican LeaderMitch McConnell
87.1%
Republican WhipMitch McConnell
87.1%
Democratic LeaderHarry Reid
80.6%
Democratic WhipHarry Reid
80.6%
Republican WhipJohn Cornyn
77.4%
Democratic WhipDick Durbin
71%
Republican LeaderBill Frist
61.3%
Democratic LeaderRobert Byrd
61.3%
Democratic WhipRobert Byrd
61.3%
Republican LeaderBob Dole
58.1%
Republican LeaderTrent Lott
58.1%
Republican WhipTrent Lott
58.1%
Republican WhipTrent Lott
58.1%
Democratic LeaderTom Daschle
58.1%
Republican LeaderTed Stevens
51.6%
Republican WhipTed Stevens
51.6%
Republican WhipJon Kyl
51.6%
Democratic LeaderLyndon B. Johnson
45.2%
Democratic WhipLyndon B. Johnson
45.2%
Democratic WhipTed Kennedy
45.2%
Republican LeaderHoward Baker
38.7%
Republican LeaderHoward Baker
38.7%
Democratic LeaderMike Mansfield
32.3%
Democratic LeaderGeorge Mitchell
32.3%
Democratic WhipMike Mansfield
32.3%
Democratic WhipRussell B. Long
32.3%
Republican LeaderRobert Taft
25.8%
Republican WhipAlan Simpson
25.8%
Republican WhipDon Nickles
25.8%
Republican LeaderHenry Cabot Lodge
22.6%
Republican LeaderEverett Dirksen
22.6%
Republican WhipEverett Dirksen
22.6%
Democratic LeaderOscar Underwood
22.6%
Democratic WhipHubert Humphrey
22.6%
Hint Answer % Correct
Democratic WhipAlan Cranston
22.6%
Democratic WhipWendell Ford
19.4%
Republican LeaderHugh Scott
16.1%
Republican WhipHugh Scott
16.1%
Democratic LeaderErnest McFarland
16.1%
Democratic LeaderAlben Barkley
12.9%
Republican LeaderWilliam Knowland
9.7%
Republican LeaderCharles McNary
6.5%
Republican LeaderWallace White
6.5%
Republican LeaderCharles McNary
6.5%
Republican WhipWesley Jones
6.5%
Democratic LeaderJoseph Taylor Robinson
6.5%
Republican LeaderCharles Curtis
3.2%
Republican LeaderStyles Bridges
3.2%
Republican WhipCharles Curtis
3.2%
Republican WhipLeverett Saltonstall
3.2%
Republican WhipThomas Kuchel
3.2%
Democratic LeaderScott Lucas
3.2%
Democratic WhipJ. Hamilton Lewis
3.2%
Democratic WhipJ. Hamilton Lewis
3.2%
Democratic WhipMorris Sheppard
3.2%
Democratic WhipSherman Minton
3.2%
Democratic WhipLister Hill
3.2%
Democratic WhipScott Lucas
3.2%
Republican LeaderJames Watson
0%
Republican LeaderWarren Austin
0%
Republican LeaderKenneth Wherry
0%
Republican WhipJames Wadsworth
0%
Republican WhipSimeon Fess
0%
Republican WhipFelix Hebert
0%
Republican WhipKenneth Wherry
0%
Republican WhipRobert Griffin
0%
Democratic WhipPeter Gerry
0%
Democratic WhipFrancis Myers
0%
Democratic WhipEarle Clements
0%

You're not logged in!

Compare scores with friends on all Sporcle quizzes.
OR
Log In

From the Vault

Double Letter Olympic Sports

by teedslaststand

We're still waiting for Double Dutch to be added as an Olympic sport.
Remove Ads.
Support Sporcle.
Get the best of Sporcle when you Go Orange. This ad-free experience offers more features, more stats, and more fun while also helping to support Sporcle. Thank you for becoming a member.

Show Comments

Extras

Top Quizzes Today


Score Distribution

Your Account Isn't Verified!

In order to create a playlist on Sporcle, you need to verify the email address you used during registration. Go to your Sporcle Settings to finish the process.

Report this User

Report this user for behavior that violates our Community Guidelines.

Details: